Central Library OPAC University of Rajshahi

افكار ابن خلدون ;; Afkār-i Ibn-i K̲h̲aldūn./ (Record no. 81787)

MARC details
000 -LEADER
fixed length control field 00730cam a22002291i 4500
001 - CONTROL NUMBER
control field 81787
003 - CONTROL NUMBER IDENTIFIER
rucl marc code BD-RjUL
005 - DATE AND TIME OF LATEST TRANSACTION
control field 20230828105940.0
008 - FIXED-LENGTH DATA ELEMENTS--GENERAL INFORMATION
fixed length control field 230828s1954 p b 000 0 urdr
035 ## - SYSTEM CONTROL NUMBER
System control number (BD-RjUL)81787
040 ## - CATALOGING SOURCE
Original cataloging agency DLC
Transcribing agency WaU
Modifying agency DLC
Language of cataloging eng
041 ## - LANGUAGE CODE
Language code of text/sound track or separate title urd
082 ## - DEWEY DECIMAL CLASSIFICATION NUMBER
Edition number 23
Classification number 181.0709
Author mark and year NAA 1954
100 1# - MAIN ENTRY--PERSONAL NAME
Personal name ندوی, محمد حنیف ;; Nadvī, Muḥammad Ḥanīf.
9 (RLIN) 8623
245 10 - TITLE STATEMENT
Title افكار ابن خلدون ;; Afkār-i Ibn-i K̲h̲aldūn./
Statement of responsibility, etc. محمد حنیف ندوی
260 ## - PUBLICATION, DISTRIBUTION, ETC. (IMPRINT)
Place of publication, distribution, etc. Lahore :
Name of publisher, distributor, etc. Matbuaat i adara i saqafat,Islamiah ,
Date of publication, distribution, etc. 1954.
300 ## - PHYSICAL DESCRIPTION
Pagination 15, 233 p. ;
Size 23 cm.
500 ## - GENERAL NOTE
General note In Urdu.
600 00 - SUBJECT ADDED ENTRY--PERSONAL NAME
Personal name Ibn Khaldūn,
Dates associated with a name 1332-1406.
650 ## - SUBJECT ADDED ENTRY--TOPICAL TERM
Topical term or geographic name as entry element Islamic philosophy
942 ## - ADDED ENTRY ELEMENTS (KOHA)
Source of classification or shelving scheme Dewey Decimal Classification
Koha item type Books
Holdings
Lost status Source of classification or shelving scheme Damaged status Not for loan Collection code Permanent Location Current Location Shelving location Date acquired Total Checkouts Full call number Date last seen Copy number Koha item type
  Dewey Decimal Classification   Not For Loan Non-fiction Central Library, University of Rajshahi Central Library, University of Rajshahi Reading Room 28/08/2023   U 181.0709 NAA 1954 28/08/2023 C-1 Books